00621nam a2200145Ia 4500008004100000020001800041100001900059245004900078260003900127650001200166650014200178856004500320999001900365952009100384171212s9999 xx 000 0 und d a9780874214390 aThorne, Alison cThorne, AlisonaLeave The Dishes In The Sink bUniversity Press of Coloradoc2002 aHistory aThorne, Alison Comish; College teachers -- Utah -- Biography; Women college teachers -- Utah -- Biography; Feminism and education -- Utah uwww.jstor.org/stable/10.2307/j.ctt46nrj1 c353101d353101 001040aCLbCLd2017-12-12l0oLA2317.T488 2002r2017-12-12 00:00:00w2017-12-12yCBE